Home Print Resources E-Books E-Journals IIMT Lecture Series Library Membership Form Book Recommendation Form Campus Tour Take AdmissionAbout Us Contact Us

SAMACHAR FEATURE LEKHAN AVEM SAMPADAN KLA (Record no. 9270)

000 -LEADER
fixed length control field 00356nam a2200145Ia 4500
003 - CONTROL NUMBER IDENTIFIER
control field OSt
005 - DATE AND TIME OF LATEST TRANSACTION
control field 20240301111444.0
008 - FIXED-LENGTH DATA ELEMENTS--GENERAL INFORMATION
fixed length control field 170524s9999 xx 000 0 und d
020 ## - INTERNATIONAL STANDARD BOOK NUMBER
International Standard Book Number 978-8179653548
040 ## - CATALOGING SOURCE
Transcribing agency iimtu meerut
100 ## - MAIN ENTRY--PERSONAL NAME
Personal name HARI MOHAN
245 #0 - TITLE STATEMENT
Title SAMACHAR FEATURE LEKHAN AVEM SAMPADAN KLA
260 ## - PUBLICATION, DISTRIBUTION, ETC.
Name of publisher, distributor, etc. N DELHI TAKSHSHILA
942 ## - ADDED ENTRY ELEMENTS (KOHA)
Source of classification or shelving scheme
Koha item type Book Bank
Holdings
Withdrawn status Lost status Source of classification or shelving scheme Damaged status Not for loan Home library Current library Date acquired Total Checkouts Barcode Date last seen Date last checked out Uniform Resource Identifier Price effective from Koha item type Total Renewals Full call number Public note
          IIMT University Central Library Meerut IIMT University Central Library Meerut 05/31/2017 3 01-B-94293 05/17/2018 05/11/2018 Journalism and Mass Communication 05/31/2017 Book Bank      
          IIMT University Central Library Meerut IIMT University Central Library Meerut 05/31/2017 9 01-B-94294 01/11/2023 12/27/2022 Journalism and Mass Communication 05/31/2017 Book Bank 1    
          IIMT University Central Library Meerut IIMT University Central Library Meerut 05/31/2017 2 01-B-94295 01/03/2019 11/20/2018 Journalism and Mass Communication 05/31/2017 Book Bank 4    
          IIMT University Central Library Meerut IIMT University Central Library Meerut 05/31/2017 4 01-B-94296 01/05/2019 12/10/2018 Journalism and Mass Communication 05/31/2017 Reference Book 3 R  
          IIMT University Central Library Meerut IIMT University Central Library Meerut 05/31/2017 1 01-B-94297 03/12/2018 03/05/2018 Journalism and Mass Communication 05/31/2017 Book Cost Paid     Write off (Book cost paid to Account Department)
          IIMT University Central Library Meerut IIMT University Central Library Meerut 05/31/2017 12 01-B-94298 01/03/2023 12/29/2022 Journalism and Mass Communication 05/31/2017 Book Bank 4    
IIMT, Central Library. All Rights Reserved IIMT,UNIVERSITY © 2023
Implemented and Customised by I CLOUDE EMS
You Are OPAC Visitor No
free web counter

Powered by Koha